000
00259nam a2200097Ia 4500
001
920298
005
20250826191405.0
008
250824s9999 xx 000 0 und d
245
0
_a
ABDÜLHAMİDİN KURTLARLA DANSI 3
_c
MUSTAFA ARMAĞAN
260
_b
KETEBE YAYINLARI
999
_c
920298
_d
920298